Lieux saints dans les religions - Statistiques

Statistiques générales
  • Ce quiz a été pris 379 fois
  • Le résultat moyen est 9 sur 19
Statistiques - réponses
Hint Réponse % Correct
Ville sainte, commune aux trois grandes religions monothéistes Jérusalem
98%
Ville la plus sainte de l'islam où se trouve la Ka'aba, vers laquelle se dirigent les prières des musulmans La Mecque
83%
Ville italienne, lieu du martyre des saints Pierre et Paul Rome
78%
Ville française des Hautes-Pyrénées, connue pour ses miracles Lourdes
75%
Seconde ville sainte de l'islam, lieu de sépulture de Mahomet, où les Muhajirun émigrèrent lors de l'hégire Médine
72%
Ville espagnole, lieu du tombeau de "Jacques", final d'un célèbre pèlerinage Saint-Jacques-de-Compostelle
68%
Troisième ville sainte du judaïsme, ville d'origine du roi David et ville de naissance de Jesus selon la Bible Bethléem
57%
Ville de pèlerinage portugaise, portant le même nom que la fille de Mahomet Fatima
57%
Ville d'Egypte, lieu du martyre de Saint Marc, considéré comme le premier archevêque de la ville Alexandrie
54%
Première ville christianisée par Paul, située en Turquie et rimant avec pioche Antioche
54%
Ville suisse où habita et mourut Jean Calvin, réformateur et pasteur du XVIème Genève
51%
Ville de deux lettres située en Irak, lieu de naissance d'Abraham Ur
37%
Ville grecque dans laquelle se situait l'oracle d'Apollon Delphes
36%
Ville dans laquelle se trouve le siège du chef spirituel de l'Église d'Angleterre et de l'anglicanisme Canterbury
20%
Ville egyptienne, centre cultuel d'Amon Thèbes
17%
Ville tunisienne, berceau de l'islam sunnite dans la région Kairouan
10%
Ville népalaise, lieu de naissance probable de Gautama Buddha Lumbini
4%
Ville allemande de Saxe dans laquelle Martin Luther placarda ses 95 thèses à la porte de l'église Wittenberg
4%
Ville irakienne, site du mausolée de l'imam Ali, considéré par les musulmans chiites comme leur fondateur Nadjaf
3%
Aucun quiz correspondant
Distribution des résultats
% des personnes avec chaque résultat
Percentile par nombre de réponses
Votre historique - résultats
Vous n’avez pas pris ce quiz